Jurisprudencia: de los Artículos 2º y 3º de la Ley 16.455 sobre terminación del Contrato de Trabajo

Saved in:
Bibliografiske detaljer
Hovedforfatter: Puga Concha, Bernardo (Author)
Format: Bog
Sprog:spansk
Udgivet: Santiago Profesionales Modernas 1968
Serier:Memoria de Prueba
Fag:
Tags: Tilføj Tag
Ingen Tags, Vær først til at tagge denne postø!

MARC

LEADER 00000nam a2200000 a 4500
001 UCS2243
003 CL-VaPUC
008 970523e19680000CL |||||||||||||||||spa|d
082 0 4 |a 344.01  |b PUG  |2 21 
100 0 |a Puga Concha, Bernardo  |e author  |9 387441 
245 1 0 |a Jurisprudencia: de los Artículos 2º y 3º de la Ley 16.455 sobre terminación del Contrato de Trabajo 
300 |a 61 p 
942 |c BK 
945 |d 19970523 00:00:00  |a cmena 
260 |a Santiago  |b Profesionales Modernas  |c 1968 
650 7 |a DERECHO LABORAL  |2 CL-VaPUC  |9 15 
650 0 |a Contratos  |9 255153 
650 0 |a Obligaciones   |9 255578 
650 7 |a CONTRATO DE TRABAJO  |2 CL-VaPUC  |9 387442 
650 7 |a INDEMNIZACION POR TERMINO DE CONTRATO  |2 CL-VaPUC  |9 387443 
650 0 |a Término del contrato de trabajo  |9 381003 
651 7 |a CHILE  |2 CL-VaPUC  |9 387444 
583 |a last modification  |c 20170712 10:20:02  |k Rodrigo Vera 
490 0 |a Memoria de Prueba 
999 |c 260219  |d 260217 
952 |0 0  |1 0  |2 ddc  |4 0  |6 344_010000000000000_PUG_1968  |7 0  |8 A  |9 286136  |a BIBDER  |b BIBDER  |d 2019-11-19  |i 1858386  |o 344.01 PUG 1968  |p 1858386  |r 2023-01-25  |w 2019-11-19  |y MX  |k DER 
952 |0 0  |1 0  |2 ddc  |4 0  |6 344_010000000000000_PUG_1968  |7 0  |8 A  |9 286137  |a BIBDER  |b BIBDER  |d 2019-11-19  |i 1858394  |o 344.01 PUG 1968  |p 1858394  |r 2023-01-25  |w 2019-11-19  |y MX  |k DER